{"text_format":"3","workbook":"xlsx","n_sheets":1,"sheets":["Sheet1"],"read":"whole","date_system":"1900"}

{"sheet":"Sheet1","index":0,"n_rows":258,"n_cols":8,"rows_kept":258,"merged":[[0,0,0,7],[256,1,256,5],[256,6,256,7],[257,0,257,6]]}
["2025-2026-2 植物工程系实验实训耗材采购清单"]
["序号","实验（实训）项目名称","耗材品名","型号规格","单位","数量","参考单价","单项控制价"]
[1,"实验室建设","抹布","5片/1包","包",2,8,16]
[2,"实验室建设","擀面杖","40*3cm","个",6,15,90]
[3,"实验室建设","钢丝球","6个/包",2,2,15,30]
[4,"实验室建设","沥水架","三层，碳钢，43cm","个",1,50,50]
[5,"实验室建设","削皮刀","不锈钢","个",6,6,36]
[6,"实验室建设","不锈钢小勺","不锈钢","个",6,4,24]
[7,"实验室建设","304不锈钢圆盘","18cm","个",10,6,60]
[8,"实验室建设","不锈钢碗","直径14cm","个",30,6,180]
[9,"实验室建设","厨房纸巾","70抽/包；24包","箱",1,110,110]
[10,"杂粮制品加工","炼乳","原味炼乳 185g","支",1,20,20]
[11,"杂粮制品加工","黄油","无盐黄油（454g）","盒",1,50,50]
[12,"杂粮制品加工","去皮绿豆","500g/包","包",5,10,50]
[13,"园林设计图绘制","绘图纸","A0空白绘图纸 10张/卷","卷",10,30,300]
[14,"草坪种子建植","草坪种子","狗牙根、细叶结缕草、高羊茅、黑麦草净种各1斤","斤",4,30,120]
[15,"园林工程","水泥砖","标砖，240mmX115mmX54mm","块",1000,0.6,600]
[16,"园林工程","卷尺","5米，宽度25mm，防摔，加厚","把",10,10,100]
[17,"园林工程","记号笔","晨光，双线幅，0.5/1.5mm，黑色","支",36,1,36]
[18,"园林工程","记号笔","晨光，双线幅，0.5/1.5mm，蓝色","支",24,1,24]
[19,"园林工程","木工铅笔","黑芯，扁平","支",100,0.5,50]
[20,"园林工程实训","防腐木立柱","樟子松，40mmx60mmx4000mm","块",30,23,690]
[21,"园林工程实训","防腐木立柱","樟子松，50mmx50mmx4000m","块",20,23,460]
[22,"园林工程实训","防腐木面板","樟子松，15mmx90mmx4000mm","块",80,17,1360]
[23,"园林工程实训","水泥砖","标砖，240mmX115mmX53mm","块",1500,0.6,900]
[24,"园林工程实训","红砖","标砖，240mmX115mmX54mm","块",800,0.7,560]
[25,"园林工程实训","透水砖","标砖，红色，200mmX100mmX50mm","块",800,1.2,960]
[26,"园林工程实训","透水砖","标砖，灰色，200mmX100mmX50mm","块",800,1.2,960]
[27,"园林工程实训","卵石","直径2cm—4cm，100斤/袋，五彩，精抛","袋",10,80,800]
[28,"园林工程实训","白砾石","直径9mm—15mm，50斤/袋","袋",6,30,180]
[29,"园林工程实训","黑砾石","直径9mm—15mm，50斤/袋","袋",6,30,180]
[30,"园林工程实训","隔根板","绿色，10cm宽","米",100,1.2,120]
[31,"园林工程实训","潜水泵","森森，功率大于40W，流量大于39L/分钟","台",8,60,480]
[32,"园林工程实训","水管","白色蛇皮管，管径4cm，加厚","米",50,6,300]
[33,"园林工程实训","砖刀","全钢双面直砖刀，长度不小于400cm，刃长不小于200cm，刃厚2.5mm","把",10,13,130]
[34,"园林工程实训","抹子","锰钢方齿，大号，长30cm，宽10cm，齿深8mm，齿宽10mm，厚度1mm","把",5,12,60]
[35,"园林工程实训","抹子","锰钢平齿，大号，长28cm，宽12cm，厚度1mm","把",5,10,50]
[36,"园林工程实训","草皮","四季青","㎡",50,15,750]
[37,"播种育苗","基质",null,"袋",50,20,1000]
[38,"播种育苗","辣椒种子",null,"克",100,1,100]
[39,"播种育苗","茄子种子",null,"克",100,1,100]
[40,"播种育苗","西葫芦种子",null,"克",100,1,100]
[41,"播种育苗","菜豆种子",null,"克",100,1,100]
[42,"播种育苗","小萝卜种子",null,"斤",1,20,20]
[43,"播种育苗","菠菜种子",null,"斤",1,30,30]
[44,"田间管理","8号铁丝",null,"斤",20,10,200]
[45,"田间管理","草球",null,"个",20,2,40]
[46,"田间管理","尿素",null,"袋",1,200,200]
[47,"田间管理","复合肥",null,"袋",1,200,200]
[48,"酒酿的制备","东北圆糯米（酒酿用）","2.5kg/袋，圆形，无霉变，共计10kg即可","袋",4,40,160]
[49,"酒酿的制备","安琪甜酒曲","8g/袋，共计15袋","袋",10,1.5,15]
[50,"酒酿的制备","食品级玻璃密封罐（带盖）","4斤圆形（密封性能佳），瓶口不可太小，共计8个","个",8,15,120]
[51,"酒酿的制备","食品用蒸笼布","60×60cm，方形蒸笼布，共计5个","个",5,6,30]
[52,"青梅酒的制备","泡青梅用米酒（双蒸酒）","32度10斤纯米酒，双蒸酒，标注泡酒用，共计20斤","瓶",2,80,160]
[53,"青梅酒的制备","黄冰糖","5斤/袋，不发苦，共计10斤","瓶",2,50,100]
[54,"青梅酒的制备","橡胶手套","200只盒装（加厚型），l码","盒",1,52,52]
[55,"青梅酒的制备","75%酒精","500ml","瓶",2,7,14]
[56,"腌菜的制作","红星二锅头","65度，500mL","瓶",4,40,160]
[57,"腌菜的制作","白醋","酿造白醋，500ml装","瓶",6,8,48]
[58,"腌菜的制作","泡菜盐","500g泡菜盐","袋",6,5,30]
[59,"腌菜的制作","干红辣椒","二荆条辣椒干，生产日期新，无霉变等，共需200g","克",200,40,40]
[60,"腌菜的制作","花椒","四川大红袍花椒，生产日期新，无霉变，香气浓郁等，共需500g","克",500,40,40]
[61,"腌菜的制作","八角","生产日期新，无霉变，个大饱满，香气浓郁等，共需60g","克",60,10,10]
[62,"腌菜的制作","香叶","生产日期新，色泽自然，香气浓郁，无霉变等，共需50g","克",50,10,10]
[63,"腌菜的制作","鸡精","加嘴便携装，158g","袋",1,20,20]
[64,"腌菜的制作","泡菜坛","内容量5斤蔬菜，加厚无铅玻璃，传统水封法盖子","个",4,30,120]
[65,"果酱的制作","细砂糖","400g/包，加嘴拧盖装","袋",6,8,48]
[66,"果酱的制作","柠檬汁","浓缩柠檬汁，纯柠檬汁，不是饮料，200ml","瓶",2,20,40]
[67,"果干的制作","烘焙纸","双面不粘，20m×30cm，耐高温","盒",10,20,200]
[68,"果干的制作","密封袋","14×20cm，PET材质，加厚密封，高透，食品可接触材质","个",0.2,20,40]
[69,"维生素C的测定","一次性丁腈防护手套","化学实验室专用,蓝色,100只/盒","盒",2,50,100]
[70,"维生素C的测定","L-抗坏血酸","分析纯AR，500g","瓶",1,70,70]
[71,"维生素C的测定","2,6-二氯靛酚钠盐水合物","200mg,纯度98%,CAS号: 620-45-1","瓶",1,60,60]
[72,"维生素C的测定","玻璃棕色滴瓶","125mL","瓶",5,10,50]
[73,"维生素C的测定","擦镜纸","尺寸10*15cm,100张/本","本",5,5,25]
[74,"维生素C的测定","标签纸","每张64枚,14*23mm/枚","张",50,0.4,20]
[75,"维生素C的测定","偏磷酸","cas37267-86-0,AR,500g,","瓶",1,90,90]
[76,"维生素C的测定","白陶土","食品级.脱色用,500g","袋",1,10,10]
[77,"维生素C的测定","试管夹","木质,夹长198mm,最大夹宽30mm,弧形夹口,10个/装","盒",1,30,30]
[78,"色谱法原理解析","脱脂棉球","50g,医用无菌","袋",1,10,10]
[79,"色谱法原理解析","烘焙食用色素","红10mL*1,黄10mL*1,蓝10mL*1,绿10mL*1 4种色素组合","瓶",4,3,12]
[80,"农产品感官检验","一次性感官品评纸杯","纯白色无花纹颜色,50mL","只",200,0.15,30]
[81,"相对密度的测定","附温比重瓶","5mL，高155mm","个",2,80,160]
[82,"波尔多液配制","硫酸铜","AR ","瓶",10,30,300]
[83,"波尔多液配制","生石灰","AR ","瓶",10,25,250]
[84,"病害标本采集与制作","植物标本展示台纸","A4 加厚0.5mm","张",1000,0.6,600]
[85,"传统插花、现代插花、现代花艺","百合","C级","把",5,45,225]
[86,"传统插花、现代插花、现代花艺","月季","C级","把",20,40,800]
[87,"传统插花、现代插花、现代花艺","多头月季","C级","把",20,40,800]
[88,"传统插花、现代插花、现代花艺","菊花","C级","把",20,25,500]
[89,"传统插花、现代插花、现代花艺","小菊","C级","把",20,20,400]
[90,"传统插花、现代插花、现代花艺","红豆","C级","把",20,40,800]
[91,"传统插花、现代插花、现代花艺","万代兰","C级","把",10,35,350]
[92,"传统插花、现代插花、现代花艺","春兰叶","C级","把",10,15,150]
[93,"传统插花、现代插花、现代花艺","龟背叶","C级","把",10,15,150]
[94,"传统插花、现代插花、现代花艺","跳舞兰","C级","把",4,50,200]
[95,"传统插花、现代插花、现代花艺","尤加利","C级","把",6,15,90]
[96,"传统插花、现代插花、现代花艺","散尾叶","C级","把",10,25,250]
[97,"传统插花、现代插花、现代花艺","剑叶","C级","把",10,20,200]
[98,"传统插花、现代插花、现代花艺","扶郎","C级","把",20,15,300]
[99,"传统插花、现代插花、现代花艺","杨桔梗","C级","把",10,40,400]
[100,"传统插花、现代插花、现代花艺","紫罗兰","C级","把",6,35,210]
[101,"传统插花、现代插花、现代花艺","景天类多肉","直径10cm","盆",10,15,150]
[102,"传统插花、现代插花、现代花艺","迷你蝴蝶兰","C级","盆",10,35,350]
[103,"现代花艺","铝丝","金色直径2MM,58米一卷","卷",5,45,225]
[104,"现代花艺","铝丝","金色直径1mm100米一卷","卷",5,28,140]
[105,"现代花艺","铜丝","金色0.4mm100米一卷","卷",5,25,125]
[106,"现代花艺","环保铁色","自然色200米一卷","卷",5,20,100]
[107,"现代花艺","鲜花胶","奥赛斯50ML一支","支",5,38,190]
[108,"植物造景","图纸","绘图纸A4-400克","张",200,0.4,80]
[109,"园林模型制作","骨架胶","国象100g","瓶",40,25,1000]
[110,"园林模型制作","PVC板","白色，厚度2mm，30×60cm","张",60,7,420]
[111,"园林模型制作","瓦楞纸板","60×60cm，3mm厚","张",100,1.5,150]
[112,"园林模型制作","鹅卵石","2-4cm，100斤\\袋，混色、精抛","袋",5,80,400]
[113,"园林模型制作","木条","4×4mm，50cm长","根",600,0.3,180]
[114,"园林模型制作","木条","6×6mm，50cm长","根",600,0.6,360]
[115,"园林模型制作","木棒","直径4mm，20cm长","根",1000,0.2,200]
[116,"园林模型制作","木棒","直径6mm，20cm长","根",1000,0.3,300]
[117,"园林模型制作","热熔胶枪","绿林能工锂电，4v，铜合金枪嘴，电池2000毫安，适用11mm胶棒，型号044042","个",4,90,360]
[118,"园林模型制作","小型夹床","绿林，铝合金，型号JC101，夹持范围4-50mm，带夹柱、珍珠夹","个",4,22,88]
[119,"园林模型制作","抛光打磨机器","绿林，锂电，五档调速，900毫安，8w","个",4,95,380]
[120,"园林模型制作","迷你台锯","峄锐，S9型号，锯片可调节高度0-20mm，多功能高配设置","台",1,240,240]
[121,"园林模型制作","多功能角度剪刀","保联，SK5合金刀片，45°-135°可调节，刃长63，开口51mm","把",5,22,110]
[122,"园林模型制作","苔藓","精品野采大灰藓，鲜活苔藓，杂质少","平方",10,40,400]
[123,"微生物检验","移液枪","赛默飞F3：0.5-5ml","把",5,420,2100]
[124,"微生物检验","移液枪头","5ml 小口 配赛默飞 100个/包","包",10,10,100]
[125,"微生物检验","无菌过滤器","0.45um/PES膜 250ml套装 12套/箱","箱",1,400,{"$f":"F127*G127","v":400}]
[126,"微生物检验","真空泵","力辰 LC-GMP-15 正负压15L/min","台",1,650,650]
[127,"微生物检验","牛肉膏蛋白胨培养基","250g/瓶 北京奥博星","瓶",1,70,70]
[128,"微生物检验","马铃薯葡萄糖培养基","250g/瓶 北京奥博星","瓶",1,110,110]
[129,"微生物检验","高氏一号培养基","250g/瓶 北京奥博星","瓶",1,115,115]
[130,"微生物检验","察氏培养基","250g/瓶 北京奥博星","瓶",1,80,80]
[131,"微生物检验","伊红美蓝培养基","250g/瓶 北京奥博星","瓶",1,100,100]
[132,"微生物检验","马丁氏培养基","250g/瓶 北京奥博星","瓶",1,160,160]
[133,"微生物检验","远藤氏培养基","250g/瓶 北京奥博星","瓶",1,90,90]
[134,"微生物检验","乳糖蛋白胨培养基","250g/瓶 北京奥博星","瓶",1,70,70]
[135,"微生物检验","无菌均质袋","100只/包","包",3,120,360]
[136,"微生物检验","HE琼脂培养基","250g/瓶 北京奥博星","瓶",1,160,160]
[137,"微生物检验","BS琼脂培养基","250g/瓶 北京奥博星","瓶",1,130,130]
[138,"微生物检验","RVS培养基","250g/瓶 北京奥博星","瓶",1,120,120]
[139,"微生物检验","XLD琼脂培养基","250g/瓶 北京奥博星","瓶",1,300,300]
[140,"微生物检验","NA培养基","250g/瓶 北京奥博星","瓶",1,100,100]
[141,"微生物检验","血琼脂","10皿/包 北京奥博星","包",1,80,80]
[142,"微生物检验","Baird-Parker琼脂","250g/瓶 北京奥博星","瓶",1,200,200]
[143,"微生物检验","7.5%氯化钠肉汤","250g/瓶 北京奥博星","瓶",1,70,70]
[144,"微生物检验","无菌生理盐水","250ml 无菌拉环 40瓶/箱","箱",1,80,80]
[145,"微生物检验","电磁炉","米家电磁炉2+汤锅+蒸笼","套",2,400,800]
[146,"微生物检验","酒精灯","华欧 塑料盖 150ml ","个",20,7,140]
[147,"微生物检验","涂布棒","玻璃三角形 总长约20cm","个",20,3,60]
[148,"微生物检验","革兰氏染色液","4*100ml 实购易","套",4,80,320]
[149,"微生物检验","试管塞","17-22mm 硅胶 垒固","个",200,1,200]
[150,"微生物检验","试管塞","20-27mm 硅胶 垒固","个",100,2,200]
[151,"微生物检验","三角瓶塞","硅胶 33-38mm 垒固","个",25,4,100]
[152,"微生物检验","新洁尔灭","利尔康 500ml 30瓶/箱","箱",1,125,125]
[153,"微生物检验","双层蒸锅","苏泊尔 304不锈钢 双层加厚 玻璃盖","只",2,150,300]
[154,"园艺生产基地","生菜种子","意大利生菜/罗马生菜","克",20,5,100]
[155,"园艺生产基地","芹菜种子","香芹","克",20,1.5,30]
[156,"园艺生产基地","紫叶生菜种子","紫晶奶油生菜","克",20,5,100]
[157,"园艺生产基地","奶油白菜种子","奶白菜","克",100,0.5,50]
[158,"园艺生产基地","西红柿种苗","普罗旺斯","棵",200,1.5,300]
[159,"园艺生产基地","黄瓜苗","水果黄瓜","棵",200,1.5,300]
[160,"园艺生产基地","地膜","1米宽/160米（5斤）黄色 银黑膜","卷",5,30,150]
[161,"园艺生产基地","铁丝","19号 ","斤",10,4,40]
[162,"园艺生产基地","电动螺丝刀","大有 5767 2.0AH双电+27件套","把",1,380,380]
[163,"园艺生产基地","标签机","硕方G15PRO + 5盘热缩管（9cm）+2标签（12mm连续）","台",1,700,700]
[164,"园艺生产基地","老虎钳","钢丝钳 东成 7寸","把",1,30,30]
[165,"植物组织培养","硝酸钾（农用代替）","AR500g","瓶",1,20,{"$f":"F167*G167","v":20}]
[166,"植物组织培养","硫酸铵","AR500g","瓶",1,25,25]
[167,"植物组织培养","七水硫酸镁","AR500g","瓶",1,25,25]
[168,"植物组织培养","磷酸二氢钾","AR500g","瓶",1,35,35]
[169,"植物组织培养","二水氯化钙","AR500g","瓶",1,25,25]
[170,"植物组织培养","四水硫酸镁","AR500g","瓶",1,30,30]
[171,"植物组织培养","七水硫酸锌","AR500g","瓶",1,25,25]
[172,"植物组织培养","碘化钾","AR50g","瓶",1,50,50]
[173,"植物组织培养","二水钼酸钠","50g/瓶","瓶",1,50,50]
[174,"植物组织培养","五水硫酸铜","AR500g","瓶",1,40,40]
[175,"植物组织培养","甘氨酸","250g/瓶","瓶",1,30,30]
[176,"植物组织培养","盐酸硫胺素","50g/瓶","瓶",1,40,40]
[177,"植物组织培养","盐酸吡哆醇","50g/瓶","瓶",1,55,55]
[178,"植物组织培养","烟酸","100g/瓶","瓶",1,65,65]
[179,"植物组织培养","肌醇","250g/瓶","瓶",1,100,100]
[180,"植物组织培养","容量瓶","1000ml 天玻","只",12,40,480]
[181,"植物组织培养","琼脂粉","250g/瓶 奥博星","瓶",2,85,170]
[182,"植物组织培养","PH电极","雷磁 PH复合电极 E-201-C","支",2,110,220]
[183,"植物组织培养","滴瓶","60ml 垒固/华玻/蜀牛","只",30,4,120]
[184,"植物组织培养","75%酒精","利尔康 500ml","瓶",30,7,210]
[185,"植物组织培养","搪瓷消毒缸","9cm 上海白鹅","只",10,20,200]
[186,"植物组织培养","丁晴手套","蓝色医用级耐用型  100只/盒 M,L 各10盒/箱","箱",2,210,420]
[187,"植物组织培养","小苏打","食用小苏打粉 500g/袋","袋",10,3,30]
[188,"植物组织培养","甲酚皂消毒液","利尔康 500ml/瓶 30瓶/箱","箱",1,75,75]
[189,"创新南楼房顶菜园","竹竿","2-3cm宽，1米长","根",20,1.5,30]
[190,"创新南楼房顶菜园","包塑钢管","粗16mm，长2.4米","根",26,8,208]
[191,"创新南楼房顶菜园","包塑钢管","粗16mm，1.8米","根",40,6,240]
[192,"创新南楼房顶菜园","包塑钢管","粗16mm，长90cm","根",125,4,500]
[193,"创新南楼房顶菜园","巨峰葡萄苗","3-4年苗，直径3公分，带原土球","棵",4,80,320]
[194,"创新南楼房顶菜园","矮生小番茄苗","5-6片真叶","棵",30,3,90]
[195,"创新南楼房顶菜园","五彩甜椒种子","每包100粒，发芽率在98%以上","包",2,10,20]
[196,"创新南楼房顶菜园","红秋葵种子","每包50粒，发芽率高于98%","包",2,40,80]
[197,"创新南楼房顶菜园","黄秋葵种子","每包50粒，发芽率高于98%","包",1,10,10]
[198,"创新南楼房顶菜园","白糖罐甜瓜种子","每包50粒，发芽率高于98%","包",2,20,40]
[199,"创新南楼房顶菜园","发酵羊粪肥料","每包10斤","包",5,50,500]
[200,"创新南楼房顶菜园","鸡粪有机肥","5斤装/包 ","包",6,10,60]
[201,"创新南楼房顶菜园","发酵腐熟稻谷壳","50斤/包","包",5,80,400]
[202,"创新南楼房顶菜园","果树花盆","盆外径55、内径48cm、高度45cm，加厚树脂塑料","个",4,35,140]
[203,"创新南楼房顶菜园","（红色）圣女果千禧小番茄种子","100粒/包，发芽率高于98%","包",25,2,50]
[204,"创新南楼房顶菜园","（黄色）圣女果千禧小番茄种子","100粒/包，发芽率高于98%","包",25,2,50]
[205,"创新南楼房顶菜园","（白色）圣女果千禧小番茄种子","100粒/包，发芽率高于98%","包",25,2,50]
[206,"创新南楼房顶菜园","红皮花生种子","10斤（不带壳）","斤",10,10,100]
[207,"创新南楼房顶菜园","（翠绿）水果黄瓜种子","50粒/包，发芽率高于98%","包",4,20,80]
[208,"创新南楼房顶菜园","红薯苗","100株（5-6片叶，长15-20cm）","株",100,1,100]
[209,"创新南楼房顶菜园","贝贝南瓜种子","20粒/包，发芽率高于98%","包",2,10,20]
[210,"创新南楼房顶菜园","牛粪发酵有机肥","1吨（发酵腐熟）","吨",1,1000,1000]
[211,"现代插花、现代花艺","百合","C级","把",5,45,225]
[212,"现代插花、现代花艺","月季","C级","把",20,40,800]
[213,"现代插花、现代花艺","菊花","C级","把",20,25,500]
[214,"现代插花、现代花艺","小菊","C级","把",20,20,400]
[215,"现代插花、现代花艺","红豆","C级","把",20,40,800]
[216,"现代插花、现代花艺","万代兰","C级","把",10,35,350]
[217,"现代插花、现代花艺","春兰叶","C级","把",10,15,150]
[218,"现代插花、现代花艺","龟背叶","C级","把",10,15,150]
[219,"现代插花、现代花艺","跳舞兰","C级","把",4,50,200]
[220,"现代插花、现代花艺","尤加利","C级","把",6,15,90]
[221,"现代插花、现代花艺","散尾叶","C级","把",10,25,250]
[222,"现代插花、现代花艺","剑叶","C级","把",10,20,200]
[223,"现代插花、现代花艺","扶郎","C级","把",20,15,300]
[224,"现代插花、现代花艺","杨桔梗","C级","把",10,40,400]
[225,"现代插花、现代花艺","紫罗兰","C级","把",6,35,210]
[226,"现代插花、现代花艺","景天类多肉","直径10cm","盆",10,15,150]
[227,"现代插花、现代花艺","迷你蝴蝶兰","C级","盆",10,35,350]
[228,"现代插花、现代花艺","铝丝","金色直径2MM,58米一卷","卷",5,45,225]
[229,"现代插花、现代花艺","铝丝","金色直径1mm100米一卷","卷",5,28,140]
[230,"现代插花、现代花艺","铜丝","金色0.4mm100米一卷","卷",5,25,125]
[231,"现代插花、现代花艺","环保铁色","自然色200米一卷","卷",5,20,100]
[232,"现代插花、现代花艺","鲜花胶","奥赛斯50ML一支","支",5,38,190]
[233,"花坛花卉应用","花坛花卉","三色堇","盆",500,1.2,600]
[234,"花坛花卉应用","花坛花卉","角堇","盆",500,1.2,600]
[235,"果树及园林植物修剪","大力剪","进口溪染助力齿轮粗枝剪","把",10,64,640]
[236,"果树及园林植物修剪","高枝剪","伸缩7米，升级加厚铝合金椭圆杆（品牌：潘易）","把",3,135,405]
[237,"昆虫标本制作","植物白胶","40ml/瓶","瓶",20,8,160]
[238,"昆虫标本制作","PET标本摆件薄膜盒（含底座）","11*11cm（黑色、白色）","个",120,8,960]
[239,"昆虫标本制作","PET标本摆件薄膜盒（含底座）","14*14cm（黑色、白色）","个",60,12,720]
[240,"昆虫标本制作","PET标本摆件薄膜盒（含底座）","30*11cm（黑色、白色）","个",30,20,800]
[241,"园林植物栽培","多年矮生百日草种子","混色（250克/袋）","袋",4,35,140]
[242,"园林植物栽培","玫瑰黑巴克枝条","15个嫁接头","捆",2,15,30]
[243,"园林植物栽培","月季黄油枝条","15个嫁接头","捆",2,15,30]
[244,"园林植物栽培","月季粉扇枝条","15个嫁接头","捆",2,15,30]
[245,"园林植物栽培","月季蒙娜丽莎枝条","15个嫁接头","捆",2,15,30]
[246,"园林植物栽培","多菌灵","100g","袋",2,20,40]
[247,"园林植物栽培","高锰酸钾消毒液（种植农用）","特效型（5斤/桶）","桶",2,25,50]
[248,"园林植物栽培","绿植生根液","30ml","瓶","4瓶",20,80]
[249,"一米菜园建设","月季","采购不同花色、花型及花期的多品种月季，如“绯扇”、“粉扇”、“金凤凰”、“冰山”等","株",200,40,8000]
[250,"一米菜园建设","药草种苗/种子","金银花、薄荷、紫苏、菊花、板蓝根、枸杞、三七等","株/袋","’200/10","’10/15",2150]
[251,"一米菜园建设","新特蔬菜种子","彩色品种：如紫青菜；高营养/特种蔬菜：如水果黄瓜、宝塔花椰菜等；本地特色品种：如淮安红椒等。","株/袋","’100/20","‘2/30",800]
[252,"一米菜园建设","花球/花篱架","铁艺防锈支撑架","个",15,100,1500]
[253,"一米菜园建设","复合底肥","颗粒有机肥 (5-5-5)","袋",10,100,1000]
[254,"一米菜园建设","区域标识牌","亚克力/不锈钢防水材质","块",40,50,2000]
[null,"总控制价：",{"$nulls":4},{"$f":"SUM(H3:H256)","v":71791}]
["注：1.此表单价为参考价格，报价不得超过控制价；2.可将此表修改为报价单，但其中序号、耗材品名、型号规格、单位、数量不得修改。"]